10 Najwartościowszych Szkotów - Statystyki

Ogólne statystyki
  • Ten quiz został rozwiązany 30 razy
  • Średni wynik to 3 z 10
Statystyki odpowiedzi
Wartość Piłkarz % Poprawnych
64 mln Robertson
93%
20 mln Tierney
46%
22,5 mln McTominay
43%
16 mln McGinn
25%
17,5 mln Fraser
21%
9,5 mln Ritchie
11%
6,5 mln Armstrong
7%
8 mln McBurnie
7%
12 mln Cairney
4%
6,5 mln Fleck
4%
Nie znaleziono quizów pasujących do podanych kryteriów
Rozkład punktacji
Procent ludzi z każdym wynikiem
Percentyl według liczby udzielonych odpowiedzi
Twoja historia wyników
Nie rozwiązałeś tego quizu